Research handbook on intellectual property in media and entertainment
The phenomenal growth of the media and entertainment industries has contributed to a fragmented approach to intellectual property rights. Written by a range of experts in the field, this Handbook deals with contemporary aspects of intellectual property law (IP), and examines how they relate to diffe...
Enregistré dans:
| Autres auteurs: | , |
|---|---|
| Format: | Livre |
| Publié: |
Northampton, MA :
Edward Elgar Pub.,
©2017.
|
| Collection: | Research handbooks in intellectual property.
|
| Sujets: | |
| Tags: |
Ajouter un tag
Pas de tags, Soyez le premier à ajouter un tag!
|
MARC
| LEADER | 00000nam a22000007a 4500 | ||
|---|---|---|---|
| 020 | |a 9781784710781 |c Tzs 499,500/= | ||
| 040 | |a MU Library |b eng. |c MU Library |d MU Library |e AACR | ||
| 082 | |a 346.048 RES | ||
| 245 | |a Research handbook on intellectual property in media and entertainment |c / edited by Megan Richardson, Sam Ricketson. | ||
| 260 | |a Northampton, MA : |b Edward Elgar Pub., |c ©2017. | ||
| 300 | |a xxxi, 490p.: |b ill.; |c 25cm. | ||
| 440 | |a Research handbooks in intellectual property. | ||
| 500 | |a Contributors include: E. Adeney, T. Aplin, G. Austin, D.S. Caudill, M. de Zwart, G. Dinwoodie, S. Frankel, J. Ginsburg, L. Golding, J. Griffiths, M. Handler, D. Hunter, D. Mac Síthigh, M. Richardon, S. Ricketson, M. Rimmer, D. Tan, J. Thomas, P.K. Yu, M. Williams. | ||
| 504 | |a Includes references and index. | ||
| 520 | |a The phenomenal growth of the media and entertainment industries has contributed to a fragmented approach to intellectual property rights. Written by a range of experts in the field, this Handbook deals with contemporary aspects of intellectual property law (IP), and examines how they relate to different facets of media and entertainment. A stimulating array of chapters cover topics such as: IP rights in the news, spectacles and other ephemera; copyright and fan activities; performers' and moral rights; IP protection of television formats; publicity and personality rights; trade marks in entertainment products; traditional knowledge, and the global digital distribution of media content. Highlighting the need for the law to accommodate a rapidly expanding and modernizing industry, suggestions are made for future developments. Novel and contemporary, this Handbook will appeal to both academics and students across the field of IP, particularly in relation to media and entertainment. Its practical focus will also appeal to both practitioners and judges looking to work within and develop this most fascinating and topical area of the law. | ||
| 546 | |a Eng. | ||
| 650 | |a Intellectual property | Mass media | Performing arts | Performing arts--Law and legislation| Mass media--Law and legislation | ||
| 700 | |d Richardson, Megan ( editor) | ||
| 700 | |d Ricketson Sam ( editor) | ||
| 942 | |c BK | ||
| 999 | |c 125 |d 125 | ||